Formula 1 - 2025 - Statistiques

Statistiques générales
  • Ce quiz a été pris 838 fois
  • Le résultat moyen est 34 sur 40
Statistiques - réponses
Hint Réponse % Correct
16 World Championships Ferrari
95%
Italy Ferrari
95%
United Kingdom Lewis Hamilton
94%
Netherlands Max Verstappen
94%
8 World Championships Mercedes
94%
Germany Mercedes
94%
Monaco Charles Leclerc
93%
9 World Championships McLaren
93%
United Kingdom McLaren
93%
6 World Championships Red Bull Racing
92%
United Kingdom Red Bull Racing
92%
2 World Championships Alpine
91%
France Alpine
91%
France Pierre Gasly
91%
United Kingdom Lando Norris
90%
Spain Carlos Sainz
89%
France Esteban Ocon
89%
Australia Oscar Piastri
89%
9 World Championships Williams
87%
United Kingdom Williams
87%
Japan Yuki Tsunoda
87%
0 World Championships Aston Martin
86%
United Kingdom Aston Martin
86%
Spain Fernando Alonso
86%
0 World Championships Haas
86%
United States Haas
86%
France Isack Hadjar
86%
Italy Andrea Kimi Antonelli
85%
Canada Lance Stroll
84%
Thailand Alexander Albon
83%
United Kingdom George Russell
82%
New Zealand Liam Lawson
81%
Germany Nico Hulkenberg
81%
0 World Championships Kick Sauber
80%
Switzerland Kick Sauber
80%
Brazil Gabriel Bortoleto
74%
United Kingdom Oliver Bearman
74%
0 World Championships RB
68%
Italy RB
68%
Australia Jack Doohan
65%
Aucun quiz correspondant
Distribution des résultats
% des personnes avec chaque résultat
Percentile par nombre de réponses
Votre historique - résultats
Vous n’avez pas pris ce quiz